ՀՀ Գիտությունների ազգային ակադեմիայի հիմնարար գիտական գրադարան  =   Fundamental Scientific Library of NAS RA
Normal view MARC view

Entry Personal Name

Number of records used in: 14

001 - CONTROL NUMBER

  • control field: 2181

003 - CONTROL NUMBER IDENTIFIER

  • control field: AM-YEHGA

005 - DATE AND TIME OF LATEST TRANSACTION

  • control field: 20250617070434.0

008 - FIXED-LENGTH DATA ELEMENTS

  • fixed length control field: 051021 a|ac|n|aab||||||||||||a |n|||||||

040 ## - CATALOGING SOURCE

  • Original cataloging agency: AM-YEHGA

100 1# - HEADING--PERSONAL NAME

  • Personal name: Ասլանյան, Մկրտիչ Սերոբի,
  • Dates associated with a name: 1906-1986

400 1# - SEE FROM TRACING--PERSONAL NAME

  • Personal name: Ասլանյան, Մկրտիչ,
  • Dates associated with a name: 1906-1986

400 1# - SEE FROM TRACING--PERSONAL NAME

  • Personal name: Ասլանյան, Մ.Ս.
  • Fuller form of name: (Մկրտիչ Սերոբի),
  • Dates associated with a name: 1906-1986

400 1# - SEE FROM TRACING--PERSONAL NAME

  • Personal name: Ասլանյան, Մ.
  • Fuller form of name: (Մկրտիչ),
  • Dates associated with a name: 1906-1986

400 1# - SEE FROM TRACING--PERSONAL NAME

  • Control subfield: b
  • Personal name: Աս., Մ.
  • Dates associated with a name: 1906-1986

400 1# - SEE FROM TRACING--PERSONAL NAME

  • Control subfield: b
  • Personal name: Ասլան Ապեր,
  • Dates associated with a name: 1906-1986

400 1# - SEE FROM TRACING--PERSONAL NAME

  • Control subfield: b
  • Personal name: Ասլան, Մկրտիչ,
  • Dates associated with a name: 1906-1986

400 0# - SEE FROM TRACING--PERSONAL NAME

  • Control subfield: b
  • Personal name: Մ.Ա.
  • Fuller form of name: (Մկրտիչ Ասլան),
  • Dates associated with a name: 1906-1986

400 1# - SEE FROM TRACING--PERSONAL NAME

  • Control subfield: b
  • Personal name: Շիրազ,
  • Dates associated with a name: 1906-1986

400 1# - SEE FROM TRACING--PERSONAL NAME

  • Personal name: Асланян, Мкртич Серопович,
  • Dates associated with a name: 1906-1986

400 1# - SEE FROM TRACING--PERSONAL NAME

  • Personal name: Асланян, Мкртич,
  • Dates associated with a name: 1906-1986

400 1# - SEE FROM TRACING--PERSONAL NAME

  • Personal name: Aslanyan, Mkrtich Serobi,
  • Dates associated with a name: 1906-1986

670 ## - SOURCE DATA FOUND

  • Source citation: Հովակիմյան Բ.Մ. Հայոց ծածկանունների բառարան, 2005 :
  • Information found: էջ 562 (Ասլանյան Մկրտիչ Սերոբի (5.5.1906, Մուշի Բուլանըխ գվ. Կոփ գ. - 11.2.1986, Թբիլիսի) - հայ գրող։ Ծածկ. Աս., Մ.; Ասլան Ապեր; Ասլան, Մկրտիչ; Մ.Ա.; Շիրազ)

670 ## - SOURCE DATA FOUND

  • Source citation: Անհանգիստ բնավորություններ, 1967 :
  • Information found: տիտղթ. (Ասլանյան Մկրտիչ Սերոբի)

670 ## - SOURCE DATA FOUND

  • Source citation: Աշխեն Սաթյան, 1955 :
  • Information found: տիտղթ. (Մ.Ս. Ասլանյան)

670 ## - SOURCE DATA FOUND

  • Source citation: Երջանկության արահետով, 1960 :
  • Information found: տիտղթ. (Մ. Ասլանյան)


ՀՀ ԳԱԱ հիմնարար գիտական գրադարան
ՀՀ,Երևան 0019
Մարշալ Բաղրամյան 24/6
հեռախոս:(374-10) 52-47-50
Հետադարձ կապ

All site content, except where otherwise noted, is licensed under a
Creative Commons License